[Event "Corus Wijk aan Zee"]
[Site " Wijk aan Zee"]
[Date "2007.01.24"]
[Round "10"]
[White "GM Radjabov, Teimour (AZE) "]
[Black "GM Svidler, Peter (RUS)"]
[Result "1/2-1/2"]
[WhiteElo "2729"]
[BlackElo "2728"]
[Annotator "Ñåðãåé Øèïîâ (îíëàéí)"]
[PlyCount "37"]
[EventDate "2007.01.??"]
[EventType "tourn"]
[EventCountry "NED"]
[EventCategory "19"]
[Source "CrestBook.com"]

{Çäðàâñòâóéòå, äðóçüÿ! Çà ïóëüòîì óïðàâëåíèÿ äëÿ âàñ òðóäèòñÿ ãðîññìåéñòåð
Ñåðãåé Øèïîâ... Ïîçâîëüòå âàì âêðàòöå ðàññêàçàòü î ñâîåé ðàáîòå. ß íàõîæóñü ó
ñåáÿ äîìà, â Ìîñêâå. Ïåðåäî ìíîé äâà ìîíèòîðà, äâå êëàâèàòóðû, äâå ìûøêè. Íà
ïåðâîì, ñàìîì ìîùíîì êîìïüþòåðå ðàáîòàþ ñ ïðîãðàììîé ChessBase (ìåãàáàçà,
èãðîâûå ïðîãðàììû), à òàêæå íàáëþäàþ âñå ïàðòèè òóðà íà îôèöèàëüíîì ñàéòå.
Íà âòîðîì - êîììåíòàòîðñêèé àïïëåò, â êîòîðîì ÿ ïèøó ýòè ñëîâà è çàâîæó
âàðèàíòû, à òàêæå ïðîãðàììà ïåðåñûëêè îáíîâë,ííûõ ôàéëîâ íà ñåðâåð ñàéòà www.
crestbook.com. Ðàçóìååòñÿ, ïî õîäó äåëà ÿ ñëóøàþ ìóçûêó (ñ ïåðâîãî
êîìïüþòåðà), è äàæå ïîäñìàòðèâàþ èíòåðåñíûå òåëåïåðåäà÷è (ñî âòîðîãî!) - âî
âðåìÿ äëèòåëüíûõ ïàóç. Èíîãäà îáùàþñü ñ êîëëåãàìè ÷åðåç ISQ è Skype. Ïüþ
÷àé. Åì øîêîëàä... Åñëè ïàðòèÿ çàòÿãèâàåòñÿ, òî ñîâåðøàþ îïóñòîøèòåëüíûå
íàáåãè íà êóõíþ, òàê êàê ãîëîäíûé êîììåíòàòîð - ïëîõîé êîììåíòàòîð! Â îáùåì,
âåñåëî ïðîâîæó âðåìÿ... Èòàê, äàâàéòå ïîñìîòðèì ñàìûé èíòåðåñíûé ïîåäèíîê
10-ãî òóðà. Íà ýòîò ðàç ó ìåíÿ áûëè òðóäíîñòè ñ âûáîðîì ïàðòèè. Èìåëîñü äâà
ïðèìåðíî ðàâíîöåííûõ âàðèàíòà. Èìåííî ïîýòîìó ÿ áóäó çàâîäèòü õîäû ïàðòèè
Òîïàëîâ - Êàðëñåí â ïðèìå÷àíèÿ ê ïåðâîìó õîäó. Îíà áóäåò çàïàñíîé íà ñëó÷àé
áûñòðîé íè÷üåé âî âñòðå÷å Ðàäæàáîâ - Ñâèäëåð. Âïðî÷åì, ÿ íå ñîìíåâàþñü â
òîì, ÷òî Òåéìóð ïîñòàðàåòñÿ âåðíóòü ñåáå ëèäåðñòâî â òóðíèðå. Îí óæå
îáûãðûâàë Ïåòðà ðàíåå è íàâåðíÿêà çàõî÷åò ïîâòîðèòü ýòîò óñïåõ. ... Â 10-ì
òóðå èãðàþòñÿ òàêæå ïàðòèè Ìîòûë,â - Êðàìíèê, Âàí Âåëè - Àðîíÿí, Êàðÿêèí -
Àíàíä, Øèðîâ - Ïîíîìàð,â è Òèâÿêîâ - Íàâàðà.} 1. e4 {Ñóäüáîíîñíîå ðåøåíèå!
Ïîõîæå, çàùèòà Ãðþíôåëüäà (ëþáèìûé äåáþò Ñâèäëåðà!) íå òàê ïëîõà, êàê îá
ýòîì ãîâîðèëè çíàòîêè. Âî âñÿêîì ñëó÷àå, Ðàäæàáîâ íå ðåøèëñÿ ñûãðàòü 1.d4.
Âïðî÷åì, îí â ïîñëåäíåå âðåìÿ ñòàë ÷åðåäîâàòü íàïðàâëåíèå ïîäà÷è. Òàê ÷òî,
ìîæåò áûòü, ýòî âñåãî ëèøü ïëàíîâàÿ ñìåíà äåáþòà...} c5 2. Nf3 e6 3. d4 cxd4
4. Nxd4 a6 {Ñòàðèííûé âàðèàíò ñèöèëèàíñêîé çàùèòû, ÷üèì àâòîðîì ÿâëÿåòñÿ
Âèëôðèä Ïàóëüñåí (ñåðåäèíà 19-ãî âåêà!).} 5. c4 {Î÷åíü àìáèöèîçíîíîå
ïðîäîëæåíèå. Ðàäæàáîâ ñòðåìèòñÿ çàõâàòèòü âñå êîìàíäíûå âûñîòû â öåíòðå.} ({
Êîðåííûå ñèöèëèàíöû èãðàþò çäåñü} 5. Bd3) ({èëè} 5. Nc3) 5... Nf6 6. Nc3 ({
Â äåòñòâå ÿ îäíàæäû â ïîäîáíîé ïîçèöèè çåâíóë ïåøêó ïóò¸ì} 6. e5 Qa5+ {
Ñ òåõ ïîð ìíîãîå èçìåíèëîñü - òåïåðü ÿ çåâàþ ïåøêè íå íà 6-ì õîäó, àíåñêîëüêî 
ïîçæå...}) 6... Bb4 {
Ïðèíöèïèàëüíîå âîçðàæåíèå. ×¸ðíûå íåìåäëåííî àòàêóþò áåëûé öåíòð.} ({
ß äóìàþ, ÷òî ïðè äàííîì ïîðÿäêå õîäîâ ïåðåõîä ê ñèñòåìå ..æ (} 6... d6 {
ñ äàëüíåéøèì b7-b6 è Bc8-b7) äîâîëüíî îïàñåí äëÿ ÷¸ðíûõ ââèäó âîçìîæíîñòè
ñòðåìèòåëüíîé àòàêè áåëûõ g2-g4-g5.}) 7. Bd3 {Ñäâîåíèÿ ïåøåê íà ñ3 Òåéìóð íå
áîèòñÿ. Â ýòîì ñëó÷àå ñëàáîñòü ÷¸ðíûõ ïîëåé â ëàãåðå ÷¸ðíûõ ñòàíåò âåñîìîé
êîìïåíñàöèåé çà èçúÿíû â ñòðóêòóðå áåëûõ.} Nc6 8. a3 {
Ñïåöèàëüíîå ïðèãëàøåíèå äëÿ ñëîíà!} Bxc3+ 9. bxc3 {×òî æ, ñ âûèãðûøåì îäíîãî
òåìïà ÷¸ðíûå óæå âïðàâå ñîâåðøèòü ðàçìåí. Òåïåðü ñëîí ñ ñ1 íå ìîæåò âûéòè íà
à3, è ñëåäîâàòåëüíî, ÷¸ðíûå ïîëó÷àþò íåêîòîðîå âðåìÿ äëÿ çàâåðøåíèÿ
ðàçâèòèÿ è ëå÷åíèÿ ñâîèõ ÷åðíîïîëüíûõ ñëàáîñòåé.} Ne5 {
Ï,òð èñêëþ÷àåò âîçìîæíîñòü ðàçìåíà íà ñ6 ñ ïîñëåäóþùèì çàæèìîì å4-å5.} ({
Íàäî îòìåòèòü, ÷òî ñîïåðíèêè óæå èñïûòûâàëè äàííóþ ïîçèöèþ íà ïðàêòèêå -} 
9... Qa5 10. O-O O-O 11. Qc2 d6 12. Rb1 Ne5 13. Be2 Qc5 14. Bg5 Ned7 15. Be3
Qc7 16. f4 b6 17. f5 Nc5 18. Bf3 Bb7 19. fxe6 fxe6 20. e5 dxe5 21. Bxb7 Qxb7
22. Nf3 Qc7 23. h3 e4 24. Nd4 Nfd7 {è ÷¸ðíûå çàâëàäåëè èíèöèàòèâîé. Âèäèìî,
îáà ãðîññìåéñòåðà çíàþò, êàê ìîæíî óñèëèòü èãðó áåëûõ â ýòîé ïàðòèè..} 25. Qe2
Qg3 26. Nc6 Qd6 27. Nd4 Rf6 28. Rbd1 Raf8 29. Rxf6 Nxf6 30. Nb3 Nd3 31. c5 Qg3
32. Nd2 bxc5 33. Nxe4 Nxe4 34. Qxd3 Qe5 35. c4 h5 36. Re1 Qg3 37. Rd1 Qh4 38.
Qd7 Qf6 39. Qd3 Qf5 40. Rf1 Qxf1+ 41. Qxf1 Rxf1+ 42. Kxf1 Kf7 43. Ke2 Kf6 44.
Kd3 Ke5 45. Bg1 h4 46. Be3 Kf5 47. Bg1 {1/2-1/2 Radjabov,T (2682)-Svidler,P
(2738)/Gothenburg SWE 2005/The Week in Chess 560}) 10. O-O d6 {Ðàçóìååòñÿ,
âñêðûòèå öåíòðà áûëî áû íà ðóêó áåëûì, ïîýòîìó ÷¸ðíûå àêêóðàòíî ðàññòàâëÿþò
ïåøêè, èçáåãàÿ íåìåäëåííîãî êîíôëèêòà. Êîðîëü íà å8 ïîêà æä,ò ñâîåé î÷åðåäè...
} 11. f4 {Óâåñòè ñëîíà ñ d3 áåëûå íå ìîãëè ââèäó ïîòåðè ïåøêè.} Nxd3 12. Qxd3 {
Ïîçèöèÿ íîñèò òåìïîâîé õàðàêòåð. Åñëè áû ÷¸ðíûå ìîãëè ñäåëàòü íåñêîëüêî õîäîâ
ïîäðÿä, òî îíè ïîëó÷èëè áû íåñîìíåííûé ïåðåâåñ ââèäó ñëàáîñòè áåëûõ ïåøåê ñ3
è ñ4. Íî â øàõìàòàõ õîäÿò ñòðîãî ïî î÷åðåäè! È ïîòîìó ó áåëûõ åñòü õîðîøèå
øàíñû ðàçâèòü ñèëüíóþ àòàêó. È Ñâèäëåð çíàåò ýòî íà ñîáñòâåííîì ïå÷àëüíîì
îïûòå. Ýòî áûëî äâà ãîäà íàçàä, íà òîì æå ñàìîì ìåñòå - â Âåéê-àí-Çåå.
Ïîðàæåíèå â áèòâå ñ Êðàíèêîì áûëî áûñòðûì è ñîêðóøèòåëüíûì. Ïåòð äóìàåò,
âñïîìèíàåò, ãîòîâèòñÿ ñâåðíóòü â ñòîðîíó ñ ãèáåëüíîé òðîïû...} e5 {Íåò. Ïîêà îí
äåëàåò òå ñàìûå, èñïûòàííûå õîäû. Âèäèìî, ðàçâèëêà áóäåò ïîçæå... Òåïåðü
çàäóìàëñÿ Òåéìóð. Êðàìíèê â óïîìÿíóòîì ïîåäèíêå ðàçìåíÿë ïåøêè íà å5 è
âûäâèíóë ñëîíà íà g5...} ({
×¸ðíîìó êîðîëþ ïðèøëîñü åù¸ íà õîä çàäåðæàòüñÿ â öåíòðå. Íà} 12... O-O {
åñòü íåïðèÿòíûé îòâåò} 13. e5 $1 Nd7 14. Nf3 dxe5 15. fxe5 {
è ÷åðíîïîëüíûé ñëîí áåëûõ ñ áîëüøîé ñèëîé âõîäèò â èãðó.}) 13. fxe5 ({Ïîñëå} 
13. Nf3 Qc7 {÷¸ðíûå ïîëó÷àëè õîðîøóþ èãðó.}) 13... dxe5 {Êîíü íà d4 ñâÿçàí
- íå ìîæåò óéòè èç-ïîä óäàðà ââèäó ïîòåðè ôåðçÿ. Íî ó áåëûõ åñòü äâå
âîçìîæíîñòè ñîçäàòü êîíòðóãðîçû - 14.Bg5 è 14.Qg3.} 14. Bg5 $1 {
Áåçóñëîâíî, ëó÷øèé õîä.} ({Ïîñëå} 14. Qg3 O-O 15. Qxe5 Re8 16. Qf4 Rxe4 17.
Qg3 Rg4 {â ïàðòèè Nagy (ïî-ðóññêè ýòà âåíãåðñêàÿ ôàìèëèÿ ÷èòàåòñÿ êàê Íàäü!)
- Markus, Âåíãðèÿ, 2004 áûëà çàôèêñèðîâàíà íè÷üÿ.}) 14... h6 {
Ïîëåçíîå âêëþ÷åíèå.} ({Â âàðèàíòå} 14... exd4 15. e5 h6 (15... Qa5 16. cxd4
$1) 16. exf6 hxg5 17. fxg7 Rg8 18. Qh7 Ke7 19. Qe4+ Be6 20. cxd4 {
áåëûå ðàçâèâàëè ñîêðóøèòåëüíóþ àòàêó.}) 15. Bh4 exd4 16. e5 {Ñîïåðíèêè íà
êàæäîì õîäó äåëàþò äëèííûå ïàóçû, íàïðÿæ,ííî äóìàþò, ñ÷èòàþò è
ñîìíåâàþòñÿ - è òåì íå ìåíåå óïîðíî ïîâòîðÿþò ïàðòèþ-ïåðâîèñòî÷íèê.} ({
Çàñëóæèâàåò âíèìàíèÿ õîä} 16. Qg3 {è äàëåå, ê ïðèìåðó,} Kf8 17. e5 g5 18. Rxf6
Qe7 ({ìãíîâåííî ïðîèãðûâàåò} 18... gxh4 $2 19. Rxf7+ $3 Kxf7 20. Rf1+) 19. Bxg5
hxg5 20. cxd4 {
, è áåëûå ïîëó÷àþò çà ïîæåðòâîâàííóþ ôèãóðó îãðîìíóþ êîìïåíñàöèþ.}) 16...
dxc3 ({Íà} 16... g5 {, ñêîðåå âñåãî, áûëî çàãîòîâëåíî íåáðîñêîå ïðîäîëæåíèå}
17. Rxf6 gxh4 18. cxd4 {ñ ïîñëåäóþùåé àòàêîé áåëûõ ïåøåê ïî öåíòðó.}) 17.
Qxd8+ Kxd8 18. exf6 g5 {Èòàê, èãðà ïåðåøëà â ñëîæíûé ýíäøïèëü ñ ðàçíîöâåòíûìè
ñëîíàìè. Ýíøäïèëü ñ ýëåìåíòàìè ìèòòåëüøïèëÿ! ×¸ðíûé êîðîëü î÷åíü ñëàá, åãî
ñåé÷àñ áóäóò ïðåñëåäîâàòü áåëûå ëàäüè. Êàê èçâåñòíî èç øàõìàòíûõ ó÷åáíèêîâ,
íàëè÷èå ðàçíîöâåòíûõ ñëîíîâ óñèëèâàåò àòàêó íà êîðîëÿ, òàê ÷òî ïîêà äàæå
çàèêàòüñÿ íåëüçÿ î íè÷åéíûõ òåíäåíöèÿõ ïîçèöèè. Âîò åñëè ÷¸ðíûå ñóìåþò
çàâåðøèòü ðàçâèòèå èëè ðàçìåíÿòü ïàðó ëàäåé, âîò òîãäà... Ðàäæàáîâ âíîâü äîëãî
äóìàåò. Êóäà îòñòóïàòü ñëîíîì? Íå äàòü ëè ïðåäâàðèòåëüíûé øàõ ÷¸ðíîìó
êîðîëþ? Êðàìíèê çäåñü èãðàë 19.Bg3........ Áðîøó áûñòðûé âçãëÿä ïî ñòîðîíàì...
..... Ìîòûë,â - Êðàìíèê: Ðóññêàÿ ïàðòèÿ, âàðèàíò Øèðîâà, ðàçíîñòîðîííèå
ðîêèðîâêè. Àëåêñàíäð èãðàåò íà ïîáåäó! Òîïàëîâ - Êàðëñåí: Ôåðçåâûé ãàìáèò.
Ìàëûø äåéñòâóåò î÷åíü àãðåññèâíî! Îí ïîæåðòâîâàë ìàòåðèàë è àòàêóåò. Âàí Âåëè
- Àðîíÿí: Ôåðçåâûé ãàìáèò. Îñòðûé âàðèàíò ïðèâ,ë ê ïðèìåðíî ðàâíîìó
îêîí÷àíèþ, êîòîðîå îáà ñîïåðíèêà èãðàþò íà âûèãðûø. Êàðÿêèí - Àíàíä:
Äëèííþùèé òåîðåòè÷åñêèé âàðèàíò ñèöèëèàíñêîé çàùèòû çàâåðøèëñÿ àêòóàëüíûì
îêîí÷àíèåì, â êîòîðîì ó áåëûõ çà ôåðçÿ ëàäüÿ, êîíü è ïåøêà. Ïî ìîèì îùóùåíèÿì,
ó ÷¸ðíûõ åñòü øàíñû íà ñïàñåíèå. Òåîðåòèêè âïðàâå âîçðàçèòü... Òèâÿêîâ -
Íàâàðà: Èñïàíñêàÿ ïàðòèÿ, ðåäêèé âàðèàíò è ïîëíûé ïîðÿäîê ó ÷¸ðíûõ! Ïîñëåäíèì
õîäîì Äàâèä òàëàíòëèâî æåðòâóåò ôèãóðó. Ñåðãåé äóìàåò - áðàòü èëè íå áðàòü?
Øèðîâ - Ïîíîìàð,â: Ñèöèëèàíñêàÿ çàùèòà - åù¸ îäèí òåîðåòè÷åñêèé êîòëîâàí! Íà
äîñêå âîçíèêëî îêîí÷àíèå ñ ðàçíîöâåòíûìè ñëîíàìè, â êîòîðîì ó áåëûõ íåáîëüøîé
ïåðåâåñ..... Ïàóçà ñòàíîâèòñÿ òîìèòåëüíîé. Ìíå òðóäíî å, îáúÿñíèòü. Òåéìóð
ïðîñòî îáÿçàí áûë èçó÷èòü äàííóþ ïîçèöèþ ïåðåä ïàðòèåé - âåäü îíà
âñòðå÷àëàñü â ïðàêòèêå Ïåòðà! Âîçìîæíî, àçåðáàéäæàíñêîìó ãðîññìåéñòåðó ïðÿìî
ñåé÷àñ, çà äîñêîé ïðèøëà â ãîëîâó íîâàÿ èäåÿ - è îí å, ïðîâåðÿåò.... ×òî æå
äåëàòü ìíå? È òàê óæå íàïèñàíî íåìàëî... Íà êóõíþ áåæàòü åù¸ ðàíî. Ïðèä,òñÿ
óäàðèòü ïî îðãàíèçìó ÷àåì ñ øîêîëàäîì!} 19. Bg3 {Íàêîíåö-òî! È òóò æå ñëåäóåò
õîëîäíûé äóø - ÍÈ×Üß! Ýõ, Òåéìóð, Òåéìóð... Íè îäíîãî ñâîåãî õîäà íå ñäåëàë è
óæå ñîãëàñèëñÿ íà íè÷üþ! ß òðåáóþ íåìåäëåííî ââåñòè íà âñåõ îôèöèàëüíûõ
ñîðåâíîâàíèÿõ ñîôèéñêîå ïðàâèëî - çàïðåòèòü ïðåäëîæåíèÿ íè÷üåé! Ñêîëüêî ìîæíî
òåðïåòü òàêèå ôîêóñû? Âñåì ìèðîì ñìîòðèì ïàðòèþ, æä,ì çàõâàòûâàþùåé áîðüáû -
è âèäèì ëèøü âçàèìíîå íåæåëàíèå ñîïåðíèêîâ èãðàòü...} ({
Â ïàðòèè Êðàìíèê - Ñâèäëåð, Âåéê-àí-Çåå 2005 åù¸ ïîñëåäîâàëî:} 19. Bg3 Be6 20.
Rac1 Bxc4 21. Rfe1 Kd7 $4 ({Ñëåäîâàëî èçáðàòü} 21... Be6 22. Rxc3 Rc8 $14) 22.
Re7+ Kc6 23. Rc7+ Kd5 24. Rd1+ Ke6 25. Rxc4 Rac8 26. Bc7 Kxf6 27. Rxc3 Rhe8 28.
Rf3+ {1-0 Kramnik,V (2754)-Svidler,P (2735)/Wijk aan Zee 2005/CBM 105 è
÷åðíûå ñäàëèñü....   À òåïåðü ÿ ïðîäîëæó êðàòêèé îáçîð òåêóùèõ ïàðòèé.  
Ìîòûë,â - Êðàìíèê: ÍÈ×Üß! Äà ÷òî æ òàêîå??? Ïîçèöèÿ ïîëíà æèçíè, íà äîñêå -
ïî îäíîìó ìèëëèîíó ôèãóð ñ êàæäîé ñòîðîíû, íî ãðîññìåéñòåðû óæå òî÷íî
âû÷èñëèëè ðåçóëüòàò! Ìîæåò, âñ¸ æå ñëåäîâàëî ñíà÷àëà ïîêàçàòü çðèòåëÿì
ðàññ÷èòàííûå âàðèàíòû è ëèøü ïîòîì ñîãëàøàòüñÿ? Íàñòðîåíèå èñïîð÷åíî
îêîí÷àòåëüíî. Ïàðòèþ Òîïàëîâ -  Êàðëñåí ÿ âñ¸ æå ïðîêîììåíòèðóþ êîðîòêèìè
øòðèõàìè - ñì. ïðèìå÷àíèå ê ïåðâîìó õîäó....   Òèâÿêîâ - Íàâàðà: Ñåðãåé
îòêëîíèë âñå ïîäíîøåíèÿ Äàâèäà è ïåðåâ,ñ ïàðòèþ â ðàâíîå îêîí÷àíèå.   Âàí
Âåëè - Àðîíÿí: ÷¸ðíûå ïîñòåïåííî çàõâàòûâàþò èíèöèàòèâó. Êàðÿêèí - Àíàíä:
Áîðüáà ðåçêî îáîñòðèëàñü. Còîðîíû îáçàâåëèñü ïðîõîäíûìè ïåøêàìè. Íà÷èíàþòñÿ
áîëüøèå ãîíêè!   Øèðîâ - Ïîíîìàð,â: Áåëûå âûèãðàëè ïåøêó. Àëåêñåé ïîëîí
æåëàíèÿ âîñïîëíèòü íåäîñòàòîê î÷êîâ â òóðíèðíîé òàáëèöå ìîùíûì ôèíèøíûì
ðûâêîì....   À ìíå ïîçâîëüòå íà ýòîé, åäèíñòâåííîé íà äàííûé ìîìåíò ïðèÿòíîé
íîòå çàâåðøèòü ñâîé îíëàéí. Ñ âàìè áûë ãðîññìåéñòåð Ñåðãåé Øèïîâ. Çàâòðà íà
òóðíèðå áóäåò âûõîäíîé äåíü. Âñòðåòèìñÿ ïîñëåçàâòðà, â ïÿòíèöó 26-ãî ÿíâàðÿ â
15.30 ìîñêîâñêîãî âðåìåíè íà 11-ì òóðå. Âñåãî õîðîøåãî!  P.S. Óø,ë íà êóõíþ
ïîäíèìàòü íàñòðîåíèå...  P.P.S. Âåðíóëñÿ íà ìèíóòêó. Àíàíä îáûãðàë Êàðÿêèíà!
Òîïàëîâ âûèãðàë ó Êàðëñåíà. Âèøè âîçâðàùàåòñÿ â ñîáðàíèå ëèäåðîâ, à Âåñåëèí âñ¸
áîëüøå îò íåãî îòðûâàåòñÿ. Âûøå Òîïàëîâà - òîëüêî çâ,çäû!}) 1/2-1/2

[Event "Corus Wijk aan Zee"]
[Site " Wijk aan Zee"]
[Date "2007.01.24"]
[Round "10"]
[White "GM Topalov, Veselin (BUL)"]
[Black "GM Carlsen, Magnus (NOR)"]
[Result "1-0"]
[WhiteElo "2783"]
[BlackElo "2690"]
[Annotator "Ðîìàí Äîáðîíîâñêèé "]
[PlyCount "51"]
[EventDate "2007.01.??"]
[EventType "tourn"]
[EventCountry "NED"]
[EventCategory "19"]
[Source "CrestBook.com"]

1. d4 Nf6 2. c4 e6 3. Nf3 d5 4. Nc3 Bb4 {Â ýòîì òóðå íå ñëèøêîì ïîïóëÿðíàÿ
çàùèòà Ðàãîçèíà è ýòà êîíêðåòíàÿ ïîçèöèÿ âñòðåòèëèñü â äâóõ ïàðòèÿõ:
Òîïàëîâ-Êàðëñåí è Âàí Âåëè-Àðîíÿí.} 5. cxd5 exd5 6. Bg5 O-O 7. e3 c5 {
Ãðóçèíñêèé âàðèàíò. Íå áóäó âûæèãàòü òàâðî «íåóäîâëåòâîðèòåëüíàÿ çàùèòà» èëè
«íåêîððåêòíîå ïðîäîëæåíèå», õîòÿ åñòü ïîäîçðåíèå, ÷òî ãëàâíûé âèíîâíèê áåä
÷¸ðíûõ èìåííî ýòîò õîä.} 8. dxc5 ({×àùå âñòðå÷àåòñÿ} 8. Bd3) ({Èëè} 8. Be2 {
Â îáîèõ ñëó÷àÿõ ÷¸ðíûå íå æàëîâàëèñü â ïîñëåäíèå ãîäû íà ðåçóëüòàòû äåáþòà.}
) 8... Nbd7 9. Rc1 Qa5 {
Â ýòîé ñâÿçêå - ñóòü çàìûñëà. Ëþáîå âçÿòèå íà ñ5 ÿâíî íåóäîâëåòâîðèòåëüíî.}
10. a3 $3 $146 {Èíòåðåñíåéøàÿ íîâèíêà, ñòàâÿùàÿ ïîä ñîìíåíèå óñòîÿâøóþñÿ ñ
ãîäàìè îöåíêó âàðèàíòà.} ({Ïîñëå «ãëàâíîãî» õîäà} 10. Nd2 {
ñòàòèñòè÷åñêàÿ äîðîãà óñåÿíà òðóïàìè áåëûõ ôèãóð. Ïîêàçàòåëüíûé ïðèìåð -} b6
$1 11. c6 d4 12. cxd7 dxc3 13. bxc3 Bxc3 14. Bxf6 gxf6 15. Rxc3 Qxc3 16. dxc8=Q
Raxc8 17. Ba6 Rcd8 18. Ke2 Rd6 19. Qc1 Qa5 20. Bc4 Rc8 21. Rd1 Kg7 22. Qb1 Rcd8
23. Qc2 Qh5+ 24. Ke1 Qxh2 25. Bf1 Qh5 26. Qc3 b5 27. Qb4 a6 28. f3 Qe5 29. Kf2
a5 30. Qxa5 Qb2 31. Kg1 Rxd2 32. Qxd8 Rxd8 33. Rxd8 {, è ÷¸ðíûå ïîáåäèëè:} b4
34. Ra8 f5 35. Ra6 Qd2 36. g3 Qxe3+ 37. Kg2 h5 38. f4 h4 39. gxh4 Qxf4 40. h5
Qg4+ 41. Kf2 Qxh5 42. Rc6 Qh4+ 43. Kg1 Qd4+ 44. Kh1 Qf2 45. Bg2 f4 46. Rc4 f3
47. Bh3 Qe1+ 48. Kh2 Qe2+ {0-1 Moiseenko,A-Giorgadze,G/Sant Lluis 2005/}) 10...
Bxc3+ 11. Rxc3 $1 ({Ðàçóìååòñÿ íå ðàäè æàëêîãî} 11. bxc3 $2 Ne4 $1 {
áåëûå ïîøëè íà ýòó ïîçèöèþ.}) 11... Ne4 12. b4 Nxc3 {Êà÷åñòâî íàäî áðàòü.} ({
Ïîñëå} 12... Qc7 13. Rc1 Nxg5 14. Nxg5 {
÷¸ðíûå îñòàâàëèñü áåç ïåøêè è áåç ìàëåéøåé çà íåå êîìïåíñàöèè.}) 13. Qa1 Qa4 (
{Ñëàáåå} 13... Qc7 14. Qxc3 Re8 15. Be2 {
è ÷åðíûì ñëîæíî çàêîí÷èòü ðàçâèòèå áåç ïîòåðü.}) 14. Qxc3 a5 15. b5 Nxc5 $4 {
Ìîæíî ïîíÿòü Êàðëñåíà, îãëóø,ííîãî ýôôåêòíîé íîâèíêîé, íî çà÷åì æå ñòóëüÿ
ëîìàòü?} ({Íàïðàøèâàëîñü} 15... Re8 16. Be2 h6 17. Bh4 (17. Bf4 Nf6 {è Ne4})
17... Ne5 $1 {(áëàãîäàðÿ ýòîé ìåëêîé õèòðîñòè ÷¸ðíûå çàêàí÷èâàþò ðàçâèòèå)}
18. Nxe5 Qxh4 19. O-O Qe7 20. Nf3 Bf5 ({ïîñëå} 20... Bg4 21. Rd1 {
è ÷åðíûì òðóäíî çàùèùàòü ïåøêó d.}) 21. Nd4 {
, è ÷¸ðíûå ñòîÿò õóæå, íî íèêàê íå ïðîèãðàíî.}) 16. Qxc5 Be6 17. Qc1 $1 {
Çàùèùàÿ ïåøêó à3. Åñëè áåëûì óäàñòñÿ çàêîí÷èòü ðàçâèòèå áåç ïîòåðü, ìîæíî
áóäåò ñìåëî ãîâîðèòü î ïåðåõîäå ïàðòèè â òåõíè÷åñêóþ ñòàäèþ.} Rfc8 18. Qa1
Qc2 19. Be2 Qc1+ 20. Qxc1 Rxc1+ 21. Bd1 Ra1 {
Åäèíñòâåííûé øàíñ ÷¸ðíûõ - àòàêà áåëîé ïåøêè «à».} ({
Íå óäàâàëîñü âûèãðàòü ïåøêó ïîñðåäñòâîì} 21... a4 22. O-O Ra1 {ââèäó} 23. Be7
$1) 22. a4 Rc8 23. Nd4 $1 ({Ïîñëå õàëàòíîãî} 23. O-O $2 Rcc1 24. Be2 Rxf1+ 25.
Bxf1 Bf5 $1 26. Nd2 Bd3 27. f3 Bxf1 28. Nxf1 Rxa4 {
ïðîõîäíàÿ «à» î÷åíü îïàñíà.}) 23... Rc4 ({Ïîñëå ëó÷øåãî} 23... Rcc1 24. Kd2
Rc4 {ìîæíî áûëî åù¸ äîëãî ìîðî÷èòü ïðîòèâíèêó ãîëîâó, âïðî÷åì, áåç îñîáûõ
íàäåæä íà óñïåøíûé äëÿ ÷¸ðíûõ èñõîä ïàðòèè.}) 24. O-O {Áåëûå çàêîí÷èëè
ðàçâèòèå è óæå ìîæíî áûëî îïóñòèòü çàíàâåñ.  Ìàãíóñ âñ¸ æå ñäåëàë «äëÿ
ïîðÿäêà» åù¸ íåñêîëüêî õîäîâ.} f6 ({Íå ïðîõîäèò} 24... Rcc1 {ââèäó} 25. Nb3
Rxd1 26. Nxa1) ({Èëè} 24... Rb1 25. Bd8 $1 Rcc1 26. Be2 Rxf1+ 27. Bxf1 {è ò.ä.}
) 25. Bf4 Bd7 26. h4 $1 {Ñîçäàâàÿ «ôîðòî÷êó». Çäåñü Ìàëûø ñäàëñÿ è
ïðåæäåâðåìåííûì òàêîå ðåøåíèå íå íàçîâ,øü - ó ÷¸ðíûõ ïðîñòî íåò ðàçóìíûõ
õîäîâ.} ({Íàïðèìåð} 26. h4 g6 {è çäåñü ïðîùå âñåãî} 27. Bb3 Rxf1+ 28. Kxf1 Rc1+
29. Ke2 Kg7 30. Bxd5 {, ïîñëå ÷åãî ÷åðíîïîëüíûé ñëîí áåëûõ áûñòðî ïðîáåð,òñÿ
ê çàêóñêå èç ïåøåê ôåðçåâîãî ôëàíãà ÷åðíûõ.  Òîïàëîâ ñäåëàë åù¸ îäèí
âàæíåéøèé øàã ê ïîáåäå â òóðíèðå.}) 1-0

[Event "Corus Wijk aan Zee"]
[Site " Wijk aan Zee"]
[Date "2007.01.24"]
[Round "10"]
[White "GM van Wely, Loek (NED)"]
[Black "GM Aronian, Levon (ARM) "]
[Result "1/2-1/2"]
[WhiteElo "2683"]
[BlackElo "2744"]
[Annotator "Âàñèëèé Âèðøè÷"]
[PlyCount "80"]
[EventDate "2007.01.??"]
[EventType "tourn"]
[EventCountry "NED"]
[EventCategory "19"]
[Source "CrestBook.com"]

1. d4 Nf6 2. c4 e6 3. Nf3 d5 4. Nc3 Bb4 {Çàùèòà Ðàãîçèíà â ÷èñòîì âèäå. Â
îòëè÷èå îò äðóãèõ ñèñòåì, ÷¸ðíûå íå ñòðåìÿòñÿ ê ïðîâåäåíèþ ñ7-ñ5 ñ
îðãàíèçàöèåé êîíòðèãðû íà ôåðçåâîì ôëàíãå. Íàïðîòèâ, îíè õîòÿò êàê ìîæíî
ñêîðåå ïðîèçâåñòè ðàçìåí dc è ïðîäâèæåíèåì å5 çàâÿçàòü ôèãóðíóþ áîðüáó â
öåíòðå è íà êîðîëåâñêîì ôëàíãå. Äëÿ ýòèõ öåëåé ôåðçåâûé êîíü ÷àñòî ñòàíîâèòñÿ
íà ñ6 ïåðåä ïåøêîé «ñ», ÷òî â íà÷àëå ïðîøëîãî âåêà ñ÷èòàëîñü ÷óòü ëè íå
êîùóíñòâîì} 5. Bg5 Nbd7 ({Äîëãîå âðåìÿ îñíîâíûì áûëî} 5... h6 6. Bxf6 Qxf6 7.
e3 O-O 8. Be2 {è ïîñëå} dxc4 (8... Nc6) 9. Bxc4 Nc6 10. O-O Rd8 {ñ äàëüíåéøèì
ïðîâåäåíèåì âñ¸ òîãî æå å5, ïîñëå ÷åãî ïîçèöèÿ ïîëíîñòüþ óðàâíèâàåòñÿ.}) ({
Ñòîèò îòìåòèòü òàêæå ïåðåõîä ê îñòðîìó «âåíñêîìó âàðèàíòó»:} 5... dxc4 6. e4
c5 7. Bxc4 cxd4 8. Nxd4 Qa5 {È çäåñü, ñîãëàñíî àíàëèçàì Ñèìàãèíà, íàäî èãðàòü:}
9. Bxf6 $1 Bxc3+ 10. bxc3 Qxc3+ 11. Kf1 Qxc4+ 12. Kg1 Nd7 (12... gxf6 $4 13.
Rc1) 13. Rc1 Qa6 14. Bxg7 Rg8 15. a4 $1 {
è â ñâÿçè ñ óãðîçîé 16.Nb5 áåëûå ïîëó÷àþò ïåðåâåñ}) 6. cxd5 exd5 7. Qc2 c5 ({
Â ïàðòèè Kramnik,Vladimir (2685) - Lautier,Joel (2645) (Cannes m Cannes (2),
1993 áûëî ñûãðàíî} 7... h6 8. Bh4 c5 9. e3 c4 10. Be2 Qa5 11. O-O Bxc3 12. bxc3
Ne4 13. Rfc1 Nb6 14. a4 Bf5 15. Qb2 O-O 16. Bd1 {
, è â äàëüíåéøåì áåëûå âûèãðàëè, íî äåáþò çäåñü âðÿä ëè «âèíîâàò».}) 8. a3
Bxc3+ 9. Qxc3 h6 10. Qe3+ ({Õóæå} 10. Bh4 {èç-çà} g5 11. Bg3 Ne4 12. Qc2 c4 {
, è ó ÷¸ðíûõ íåò ïðîáëåì.}) ({Íî, âèäèìî, íåïëîõî} 10. Bxf6 Qxf6 11. e3 O-O
12. Be2 b6 13. Rc1 Bb7 14. O-O Rfc8 15. Rfd1 Qe7 16. dxc5 bxc5 17. b4 d4 18.
Qd2 Nf6 19. bxc5 dxe3 20. Qxe3 Qxe3 21. fxe3 Ne4 22. Ne5 Nxc5 23. Bc4 Ne6 24.
Nxf7 $1 Kxf7 25. Rd7+ Kf6 26. Rxb7 {ñ ïåðåâåñîì, êàê áûëî â ïàðòèè Kazhgaleyev,
M (2606) - Hanley,C (2419) (Monarch Assurance Isle of Man Port Erin IOM (3),
25.09.2006).}) 10... Qe7 11. Qxe7+ Kxe7 12. Bf4 b6 13. dxc5 bxc5 14. b4 a5 {
Íîâèíêà} ({Âî âñòðå÷å Van Wely,L (2647)- Sargissian,G (2603)/Tegel GER 2006
áûëà èñïûòàíà ïîõîæàÿ èäåÿ:} 14... Ne4 15. e3 a5 16. b5 Bb7 17. a4 g5 18. Bg3
Nxg3 19. hxg3 Nb6 20. Bd3 Rad8 21. Ke2 Kf6 22. Rhc1 g4 23. Nh4 c4 24. Bc2 d4
25. exd4 Rxd4 26. Rd1 Re8+ 27. Kf1 Rd5 {. Âèçóàëüíî ïîçèöèÿ ÷¸ðíûõ êàæåòñÿ
íåìíîãî ëó÷øå, íî ïàðòèÿ ïîñëå äëèòåëüíîé áîðüáû çàêîí÷èëàñü âíè÷üþ.}) 15.
bxc5 {Ëþê ïðèìåíÿåò äðóãîé ïëàí.} ({Íà} 15. b5 {
ìîæíî ïðîäîëæàòü ïî Ñàðãèññÿíó -} g5 16. Bg3 Ne4 17. e3 Nxg3 18. hxg3 g4 19.
Nd2 h5 {ñ íåÿñíîé èãðîé}) 15... Nxc5 16. Nd4 Bd7 17. f3 Rhc8 18. g4 {
Çàõâàòûâàÿ ïðîñòðàíñòâî íà ôëàíãå è îñòàâëÿÿ ñëîíà íà âàæíîé äèàãîíàëè.} Ne8 {
Â ïîèñêàõ àêòèâíûõ ñòîÿíîê êîíü íàïðàâëÿåòñÿ íà ôåðçåâûé ôëàíã.} 19. h4 Nd6 20.
Rd1 Na4 {Ëó÷øåå ðàçâèòèå îáÿçûâàåò ÷¸ðíûõ èñêàòü àêòèâíûå ïðîäîëæåíèÿ.} ({
Ïàññèâíåå è, ïîýòîìó, õóæå} 20... Ne6 21. Nxe6 fxe6 22. Be5 g6) 21. e3 Rab8 22.
Rh2 Nb2 23. Ra1 Rb6 24. Rd2 Nbc4 25. Rc2 Nb5 ({Âðåìÿ àêòèâíîãî} 25... f5 {
åù¸ íå ïðèøëî:} 26. gxf5 Nxf5 27. Nxf5+ Bxf5 28. e4 $1 {
, âñêðûâàÿ ïîçèöèþ ê âÿùåé ðàäîñòè äâóõ áåëûõ ñëîíîâ.}) 26. Nxb5 Rxb5 27. e4
Rb3 28. Be2 Nxa3 ({Ïî÷òè ôîðñèðîâàííàÿ íè÷üÿ ïîëó÷àëàñü ïîñëå} 28... Rxa3
29. Rxa3 Nxa3 30. Rxc8 Bxc8 31. exd5 Bb7 32. Bc7 Bxd5 33. Bxa5 {
, íî, ìîæåò áûòü, Ëåâîí èãðàë ýòó ïîçèöèþ íà âûèãðûø?}) 29. Rxc8 Bxc8 30. Bd1
Rxf3 $4 {Óæàñíûé öåéòíîòíûé çåâîê.} ({Âèäèìî, Ëåâîíà ñìóòèë âàðèàíò} 30... Rd3
31. exd5 Bb7 32. d6+ {íî òåì íå ìåíåå èìåííî íà íåãî è ñòîèëî ïîéòè:} Kd8 33.
Kf2 Nc4 34. Be2 Rc3 35. Rb1 Bc6 {, òåì áîëåå, ÷òî áîðîòüñÿ ñ ïðîõîäíîé «d»
åìó íà ýòîì òóðíèðå óæå ïðèõîäèëîñü (ñì. ïàðòèþ Ðàäæàáîâ-Àðîíÿí, 8-é òóð, >=
52)}) 31. Bc1 $1 {
Íàâåðíîå, ýòîò ïðîñòîé «ïðîìåæóòîê» âûïàë èç ïîëÿ çðåíèÿ ÷¸ðíûõ.} ({
Ïîñëå «åñòåñòâåííîãî»} 31. Bxf3 Nc2+ 32. Kd2 Nxa1 33. exd5 Nb3+ 34. Kc3 a4 {
- àêòèâíûå áåëûå ôèãóðû âïîëíå êîìïåíñèðóþò íåäîñòà÷ó ìàòåðèàëà, íî íå áîëåå
òîãî.  Ê òîìó æå ïåøêà íà à4 îêàçûâàåòñÿ «êðåïêèì îðåøêîì», å, íå òàê òî
ïðîñòî çàâîåâàòü:} 35. Kb4 Bd7 36. g5 hxg5 37. hxg5 f6 $1 {Îòêðûâàåò ÷åðíîìó
êîðîëþ äîñòóï ê ïåøêå d5 â ñëó÷àå åñëè áåëûå ñëèøêîì óæ àêòèâíî íà÷íóò
ïðèñòàâàòü ê êðàéíåé ïåøêå.} 38. Be4 (38. gxf6+ Kxf6 39. Bd1 Kf5) 38... Nd4 {
, è íèêòî èç ïðîòèâíèêîâ íå ìîæåò óñèëèòü ïîçèöèþ.}) 31... Rh3 {
Íàäî ñðî÷íî óíè÷òîæàòü áåëûå ïåøêè, èíà÷å ñîâñåì áåäà!} 32. Bxa3+ Ke6 33.
exd5+ Kxd5 34. Bf8 Rxh4 35. Rxa5+ Ke6 36. Bxg7 Rh1+ 37. Kd2 f6 38. Rh5 $4 {
Îòâåòíàÿ ëþáåçíîñòü! Íàõîäÿñü â ñèëüíåéøåì öåéòíîòå, Ëþê ïðîñìàòðèâàåò
òàêòè÷åñêóþ îïåðàöèþ. Äî êîíòðîëÿ îñòàâàëîñü âñåãî òðèõîäà!} ({À âåäü ïåøêà
«h» íèêóäà íå óáåæèò, è ñòîèëî ñíà÷àëà ëèêâèäèðîâàòü «ïîäâèñàíèå» ñâîèõ
ðàçðîçíåííûõ ôèãóð, òàêèì âîò ïðèìåðíî ñïîñîáîì:} 38. Bf3 Rh3 39. Be2 Rg3 40.
Bxh6 Kf7 41. Ra4 {, è áåëûå ïîñòåïåííî äîëæíû áûëè äîáèòüñÿ ïîáåäû.}) 38...
Rxd1+ $1 39. Kxd1 Kf7 40. Rxh6 ({Ñîõðàíèòü ïîñëåäíþþ ïåøêó áåëûå íå ìîãóò:} 
40. Rh4 Kxg7 41. Ke2 Kg6 42. Kf3 f5 $1 43. gxf5+ Bxf5 $11 {.}) 40... Bxg4+ {
Íè÷üÿ!  Êòî áû ìîã ïîäóìàòü î òàêîì ðåçóëüòàòå ïîñëå 30-ãî õîäà ÷¸ðíûõ...}
1/2-1/2